000
00268nam a22001097a 4500
082
_a
510
100
_a
भाटी,अंकति
_9
82271
245
_a
SSC GD Mathes ( Bilingual )
260
_a
UP
_b
Rojgar Publcation
_c
2023
650
_a
Mathes
_9
81908
942
_c
BK
999
_c
66719
_d
66719